000 00679nam a22002177a 4500
003 UA-OsUOA
001 67625
007 ta
008 20100304b un ||||| |||| 00| 0 ukr d
090 _a343.13:343.163
942 _cBK
040 _aUA-OsUOA
_brus
_cUA-OsUOA
_dUA-OsUOA
245 _aПрактика прокурорского надзора при рассмотрении судами уголовных дел: сборник документов
300 _a671 с.
955 _a2
041 _arus
080 _a343.13:343.163
260 _aМ.
_c1987
650 7 _a343 Кримінальне право. Карні порушення
_2UDC
999 _c353600
_d353600